000 00703nam a2200217Ia 4500
003 STCL
008 230726s9999 xx 000 0 und d
020 _a9788194802884
040 _aSTCL
_cSTCL
_bEN
082 _222
100 _aGhosh, Sougata
100 _aJayaprakash Paniker, C K
245 0 _aPaniker's textbook of medical parasitology: as per the competency based medical education curriculum (MCI)
246 _aPanikers textbook of medical parasitology: as per the competency based medical education curriculum MCI
250 _a9
260 _bJaypee Brothers Medical Publishers
_aNew Delhi
_c2021
300 _a298 p
365 _b895
546 _aEnglish
942 _2DDC
_e22
_cBKDDC
999 _c89734
_d89734